000 00459nam a2200193Ia 4500
001 19557
003 GE_BSU
008 181216s||||||||xx |||||||||||||| ||und||
040 _cGE_BSU
080 _a171
245 _aეთიკა
245 _bდამხმ. სახ. სტუდ-ს
260 _aთბილისი
260 _c1998
300 _a263გვ.
653 _aეთიკა
653 _aქსეროქსი
942 _cBK
999 _c52533
_d52533